000 00446nam a2200181Ia 4500
001 7576
005 20260306160505.0
008 260306t2006||||xx |||||||||||||| ||spa||
041 _aESP
082 _a352.140985
_bG98
100 _aGuzmán Sánchez, Esther
_eAUT
245 0 _aPropuestas para el Gobierno Regional 2007-2010:
_bregión Cusco
260 _c2006
300 _a
_c
650 _aGEN
654 _aCAN
942 _cLIB
_dJUS
_fJUS
_2ddc
_n
999 _c7576
_d7576